| 000 -LEADER |
| fixed length control field |
00478nam a2200205Ia 4500 |
| 001 - CONTROL NUMBER |
| control field |
12047 |
| 003 - CONTROL NUMBER IDENTIFIER |
| control field |
GE_BSU |
| 008 - FIXED-LENGTH DATA ELEMENTS--GENERAL INFORMATION |
| fixed length control field |
181216s||||||||xx |||||||||||||| ||und|| |
| 020 ## - INTERNATIONAL STANDARD BOOK NUMBER |
| International Standard Book Number |
0340516929 |
| 040 ## - CATALOGING SOURCE |
| Transcribing agency |
GE_BSU |
| 080 ## - UNIVERSAL DECIMAL CLASSIFICATION NUMBER |
| Universal Decimal Classification number |
821.111-31 |
| 100 ## - MAIN ENTRY--PERSONAL NAME |
| Personal name |
Carre,John le |
| 245 #4 - TITLE STATEMENT |
| Title |
The naive and sentomental lover |
| 260 ## - PUBLICATION, DISTRIBUTION, ETC. |
| Place of publication, distribution, etc. |
Great Britain. |
| 260 ## - PUBLICATION, DISTRIBUTION, ETC. |
| Name of publisher, distributor, etc. |
Coronet books. |
| 260 ## - PUBLICATION, DISTRIBUTION, ETC. |
| Date of publication, distribution, etc. |
1990. |
| 300 ## - PHYSICAL DESCRIPTION |
| Extent |
462p;18cm. |
| 653 ## - INDEX TERM--UNCONTROLLED |
| Uncontrolled term |
The naive and sentomental lover |
| 942 ## - ADDED ENTRY ELEMENTS (KOHA) |
| Koha item type |
წიგნი |